Tiheimmin asutetut valtiot - Äkkikuolema - Statistics

Yleistilastot
  • Tätä visaa on pelattu 1 531 kertaa
  • Keskiarvotulos 8 / 20
Answers on the Grid
Answers color-coded by a green-red scale on the quiz's grid according to % correct below.
Alankomaat
Andorra
Bahama
Bahrain
Bangladesh
Barbados
Burundi
Djibouti
Etelä-Korea
Etiopia
Indonesia
Intia
Israel
Komorit
Latvia
Libanon
Malediivit
Malta
Mauritius
Monaco
Nauru
Nepal
Pohjois-Korea
Ruanda
Saksa
San Marino
Singapore
Suriname
Sveitsi
Taiwan
Togo
Vatikaanivaltio
 
Vastaustilastot
Vastaus % Oikein
#7 Bangladesh
70%
#2 Singapore
68%
#16 Etelä-Korea
65%
#18 Intia
65%
#1 Monaco
61%
#3 Vatikaanivaltio
57%
#20 Alankomaat
54%
#9 Taiwan
54%
#19 Israel
47%
#14 San Marino
45%
#6 Malta
40%
#4 Bahrain
39%
#5 Malediivit
27%
#11 Nauru
25%
#13 Ruanda
23%
#8 Barbados
22%
#12 Libanon
21%
#15 Burundi
20%
#17 Komorit
18%
#10 Mauritius
18%
Ehtoja vastaavia visoja ei löytynyt
Tulosjakauma
Jokaisen tuloksen saaneiden osuus
Persentiili vastausten määrän mukaan
Tuloshistoriasi
Et ole pelannut tätä visaa